| 000 | 00609nam a2200205 a 4500 | ||
|---|---|---|---|
| 005 | 20210223131016.0 | ||
| 008 | 090604s2002 es r 000 0 spa d | ||
| 020 | _a8495920034 | ||
| 035 | _aUPN01000170960 | ||
| 049 | _aCG | ||
| 050 | 4 |
_aPQ8519 Q5 _bC8.5 |
|
| 100 | 1 |
_aQuiroga, Horacio, _d1878-1937 _929892 |
|
| 245 | 1 | 0 |
_aCuentos a la deriva / _cHoracio Quiroga ; ed. Javier de Navascués. |
| 260 |
_aMadrid : _bCooperación, _c2002. |
||
| 300 | _a191 p. | ||
| 440 | 0 |
_aClásicos populares. _pProsa ; _v6 |
|
| 650 | 4 |
_aCUENTOS URUGUAYOS _910233 |
|
| 700 | 1 |
_aNavascués, Javier de, _eed. |
|
| 905 | _aLibro | ||
| 999 |
_c143065 _d143065 |
||